000 00621nam a22002057a 4500
003 AR-FvUNAJ
005 20250610124603.0
008 231030b ||||| |||| 00| 0 spa d
040 _cAR-FvUNAJ
082 1 4 _214
_a324.2
100 1 _921525
_aLópez, Justo Mario
245 1 0 _aPartidos Políticos /
_cJusto Mario López
260 _aBuenos Aires :
_bCooperadora de Derecho y Ciencias Sociales,
_c1968
300 _a108 p.
440 _921526
_aCuadernos de Derecho Político
650 1 4 _91665
_aPARTIDO POLITICO
650 2 7 _91306
_aLEGISLACIÓN
_2unescot
651 7 _2unescot
_9326
_aARGENTINA
942 _2ddc
_cLIBRO
999 _c10974
_d10974
980 _619226
_a Palazón Marcela I.
_819226
_g Palazón Marcela I.